Services marketing / (Record no. 344399)

000 -LEADER
fixed length control field 01581 a2200217 4500
020 ## - INTERNATIONAL STANDARD BOOK NUMBER
International Standard Book Number 0071199144
020 ## - INTERNATIONAL STANDARD BOOK NUMBER
International Standard Book Number 9780071199148
082 04 - DEWEY DECIMAL CLASSIFICATION NUMBER
Classification number 381
090 ## - LOCALLY ASSIGNED LC-TYPE CALL NUMBER (OCLC); LOCAL CALL NUMBER (RLIN)
-- 1888
-- 1888
100 1# - MAIN ENTRY--PERSONAL NAME
Personal name Zeithaml, Valarie A.
245 10 - TITLE STATEMENT
Title Services marketing /
Statement of responsibility, etc. Valarie A. Zeithaml.
250 ## - EDITION STATEMENT
Edition statement 3rd ed.
260 ## - PUBLICATION, DISTRIBUTION, ETC.
Place of publication, distribution, etc. [S.l.] :
Name of publisher, distributor, etc. McGraw Hill Higher Education,
Date of publication, distribution, etc. 2002.
300 ## - PHYSICAL DESCRIPTION
Extent 624 p. ;
Dimensions 25 cm.
500 ## - GENERAL NOTE
General note Paperback.
520 ## - SUMMARY, ETC.
Summary, etc. "Services Marketing, 3rd Edition", by Zeithaml and Bitner provides a comprehensive review and analysis of services marketing issues, practice, and strategy. Utilizing the GAPS Model of Service Quality as an organizing framework, the structure of the text offers part openers that sequentially build the model gap by gap. Each part of this book includes multiple chapters with strategies for understanding and closing the critical gaps. Customer behavior, expectations, and perceptions are discussed early in the text to form the basis for understanding services marketing strategy, and the managerial content, in the rest of the text, is framed by the GAPS model. Additionally, the authors continue to refine conceptual frameworks for developing effective services marketing strategy and have incorporated more coverage of the use of technology and business-to-business applications in this edition.
700 1# - ADDED ENTRY--PERSONAL NAME
Personal name Bitner, Mary Jo.
856 40 - ELECTRONIC LOCATION AND ACCESS
Materials specified Amazon.com
Uniform Resource Identifier <a href="http://www.amazon.com/exec/obidos/ASIN/0071199144/chopaconline-20">http://www.amazon.com/exec/obidos/ASIN/0071199144/chopaconline-20</a>
856 40 - ELECTRONIC LOCATION AND ACCESS
Materials specified Amazon customer reviews
Uniform Resource Identifier <a href="http://www.chopac.org/cgi-bin/tools/azrev.pl?q=0071199144">http://www.chopac.org/cgi-bin/tools/azrev.pl?q=0071199144</a>
942 ## - ADDED ENTRY ELEMENTS (KOHA)
Institution code [OBSOLETE] NBS
Koha item type Book
Call number prefix 658.8 ZEI
Holdings
Withdrawn status Lost status Damaged status Not for loan Permanent Location Current Location Date acquired Total Checkouts Full call number Barcode Date last seen Price effective from Koha item type Date last checked out
        Central Library (CL) Central Library (CL) 08/28/2013   658.8 ZEI NBS4930 08/28/2013 08/28/2013 Book  
        Central Library (CL) Central Library (CL) 08/28/2013 1 658.8 ZEI NBS4931 11/26/2014 08/28/2013 Book 09/11/2014
© 2023 Central Library, National University of Sciences and Technology. All Rights Reserved.